000 00494nam a2200205Ia 4500
005 20240913125650.0
008 240913s9999||||xx |||||||||||||| ||und||
020 _a978-81-8450-329-6
041 _aENGLISH
082 _A620.5 Q1
100 _aBhatia A S
245 0 _aNanowires and Nanobelts
250 _a1st
260 _c2011
_bDeep & Deep Puplications Pv
500 _aREFERENCE
650 _aNanobelts
_bNano Technology
700 _a Chawla A
942 _cREF
999 _c246015
_d246015